000 01057cam a2200277Ia 4500
008
020 _a0444868267 (hbk.)
049 _aMAIN
090 _aQC793.3.S8
_bINT
111 _aNuclear structure and heavy-ion dynamics (:
_dJuly 27-August 6 1982 :
_cAmsterdam, Netherlands)
245 1 0 _aProceedings of the international school of physics on nuclear structure and heavy-Ion dynamics /
_cedited by R. Giaconni and R. Ruffini.
260 _aAmsterdam :
_bNorth-Holland Pub. Co.,
_cc1984.
300 _axxv, 871 p. :
_bill. ;
_c25 cm.
440 _aProceedings of the International School of Physics "Enrico Fermi" ; course 65
500 _a Includes index.
504 _aIncludes bibliographical references.
650 0 _aNeutron stars
_vCongresses.
650 0 _aBlack holes (Astronomy)
_vCongresses.
700 1 _aGiaconni, R.
700 1 _aRuffini, Remo.
907 _a.b10047992
_b21-03-13
_c17-04-03
003
005 20230123134114.0
040 _cNUST
942 _cBOOKS
_kQC793.3.S8
_mINT
999 _c160140
_d160140